Language Quiz

Random Language or Country Quiz

Which Language? II Quiz Stats

 Plays Quiz Updated Feb 24, 2017

Also try: Which Language?
Challenge
Share
Tweet
Embed
Score 0/15 Timer 03:00
4 Plays Today
Question Answer Wrong Answers
United Kingdom English
99.2%
Scots
0.1%
Welsh
0.4%
Polish
0.2%
Germany German
98.6%
Arabic
0.1%
Russian
0.2%
English
1%
Denmark Danish
97.2%
German
1.4%
Faroese
0.2%
Greenlandic
0.2%
Oman Arabic
89.2%
Urdu
7.5%
English
0.7%
Balochi
1.8%
Macedonia Macedonian
80.2%
Albanian
4.9%
Turkish
6.1%
Serbian
8.3%
Laos Lao
77.9%
Vietnamese
13.7%
English
0.7%
French
6.6%
Tunisia Arabic
62.3%
French
16.2%
Berber
9.3%
Turkish
9.2%
Kiribati Gilbertese
48.3%
English
24.5%
Chinese
3.8%
French
20.5%
Lesotho Sotho
40.9%
English
9.3%
Zulu
22.3%
Afrikaans
25.5%
Luxembourg Luxembourgish
40.6%
French
34.2%
German
22.3%
English
1.7%
Rwanda Kinyarwanda
35%
French
12.4%
English
7%
Swahili
43.2%
Guyana English
32.5%
Dutch
22.4%
Portuguese
24.6%
Spanish
18.9%
Djibouti Somali
29.8%
Afar
14.6%
Arabic
32.1%
French
20.2%
Mali Bambara
21%
French
41.3%
Arabic
20.7%
Soninke
13.5%
Senegal Wolof
19.2%
French
48.9%
Soninke
20.1%
English
8.1%

You're not logged in!

Compare scores with friends on all Sporcle quizzes.
Join for Free
OR
Log In

You Might Also Like...

Show Comments

Extras

Top Quizzes Today


Score Distribution

Your Account Isn't Verified!

In order to create a playlist on Sporcle, you need to verify the email address you used during registration. Go to your Sporcle Settings to finish the process.

Report this User

Report this user for behavior that violates our Community Guidelines.

Details: